[Event "III Open"]
[Site "Palma de Mallorca ESP"]
[Date "2008.12.13"]
[Round "8"]
[White "Lechado Artigues,P"]
[Black "Andres Gonzalez,I"]
[Result "0-1"]
[WhiteElo "2021"]
[BlackElo "2331"]

1.e4 c5 2.Nf3 Nc6 3.d4 cxd4 4.Nxd4 Nf6 5.Nc3 d6 6.Bg5 Bd7 7.Nb3 e6 8.f4 Be7
9.Bd3 h6 10.Bxf6 Bxf6 11.Qf3 Qb6 12.g4 Nd4 13.Qg3 Bh4  0-1

[Event "Masters"]
[Site "Berkeley USA"]
[Date "2008.12.14"]
[Round "1"]
[White "Naroditsky,D"]
[Black "Kacheishvili,G"]
[Result "0-1"]
[WhiteElo "2382"]
[BlackElo "2572"]

1.e4 c5 2.Nf3 d6 3.d4 cxd4 4.Nxd4 Nf6 5.Nc3 Nc6 6.Bg5 e6 7.Qd2 Be7 8.O-O-O Nxd4
9.Qxd4 a6 10.f4 b5 11.Be2 Bb7 12.Bf3 Rc8 13.Rhe1 O-O 14.e5 Bxf3 15.gxf3 dxe5
16.Qg1 Qc7 17.fxe5 Nd5 18.Bxe7 Nxe7 19.Qf2 b4 20.Ne4 Qxe5 21.Kb1 Nd5 22.Rg1 Rfd8
23.h4 a5 24.Rg5 f5 25.Rdg1 Rc7 26.Ng3 Nf4 27.Re1 Nh3 28.Qf1 Qc5 29.Qe2 Nxg5
30.hxg5 Qc4 31.Qh2 Qf4 32.Rh1 g6  0-1

[Event "XVIII Magistral"]
[Site "Elgoibar ESP"]
[Date "2008.12.14"]
[Round "4"]
[White "Gonzalez de la Torre,S"]
[Black "Korneev,O"]
[Result "1-0"]
[WhiteElo "2382"]
[BlackElo "2623"]

1.e4 c5 2.Nf3 d6 3.d4 cxd4 4.Nxd4 Nf6 5.Nc3 Nc6 6.Bg5 e6 7.Qd2 Qb6 8.O-O-O Nxd4
9.Qxd4 Qxd4 10.Rxd4 a6 11.f3 Be7 12.Be2 Rb8 13.Rd3 b5 14.Bf4 b4 15.Nd1 Rb6
16.Ne3 Nh5 17.Bg3 Bg5 18.Kb1 Bxe3 19.Rxe3 Nxg3 20.hxg3 Ke7 21.f4 Bb7 22.Rh5 g6
23.Rh6 d5 24.e5 a5 25.g4 d4 26.Rg3 a4 27.b3 a3 28.Bd3 Ba6 29.Bxa6 Rxa6 30.Rd3 Rc6
31.Rxd4 Rc3 32.Rh3 h5 33.g5 h4 34.Rxc3 bxc3 35.Rd3 Rb8 36.Rxc3 Rb4 37.Rc4 Rb5
38.Rd4 Rb8 39.c3 h3 40.gxh3 Rh8 41.Rd3 Rh4 42.Rf3 Kd7 43.b4 Kc6 44.c4 Rh8
45.Kc2 Rb8 46.Kb3 Rd8 47.Kxa3 Rd4 48.Kb3 Re4 49.a3 Re1 50.Ka4 Rd1 51.c5 Rd8
52.Kb3 Rd1 53.a4 Rb1+ 54.Kc4 Rc1+ 55.Rc3 Rf1 56.b5+ Kc7 57.c6 Rxf4+ 58.Kc5 Rxa4
59.Rd3 Kc8 60.Rd7  1-0

[Event "XXI Carlos Torre"]
[Site "Merida MEX"]
[Date "2008.12.15"]
[Round "4"]
[White "Ibarra Chami,L"]
[Black "Vera Gonzalez Quevedo,R"]
[Result "1-0"]
[WhiteElo "2389"]
[BlackElo "2497"]

1.e4 c5 2.Nf3 d6 3.d4 Nf6 4.Nc3 cxd4 5.Nxd4 Nc6 6.Bg5 Bd7 7.Qd2 Rc8 8.O-O-O Nxd4
9.Qxd4 Qa5 10.Bd2 g6 11.Kb1 Bg7 12.Nb5 Qd8 13.Qxa7 O-O 14.Ba5 Qe8 15.Nc7 Rxc7
16.Bxc7 Nxe4 17.Bb6 Ba4 18.Bd3 Qc6 19.Bd4 Nc5 20.Bxg7 Nxd3 21.Bc3 Nc5 22.f3 Rc8
23.Rhe1 Ne6 24.Qa5 Bb5 25.Qb4 Bc4 26.Re3 f5 27.b3 f4 28.Ree1 Bd5 29.Kb2 Kf7
30.Rd3 g5 31.Red1 Nc7 32.Be1 Be6 33.Qd2 Ra8 34.Qc3 Qb6 35.Qd4 Qa6 36.a4 b5
37.a5 Rc8 38.Qe4 Ke8 39.Bb4 Kd7 40.Qxh7 Ne8 41.Bxd6 Nxd6 42.Rxd6+ Qxd6 43.Rxd6+ Kxd6
44.Qd3+ Ke5 45.Qxb5+ Kf6 46.a6  1-0

[Event "XXI Carlos Torre KO"]
[Site "Merida MEX"]
[Date "2008.12.17"]
[Round "1.2"]
[White "Zapata,Alo"]
[Black "Gonzalez Zamora,J"]
[Result "1/2-1/2"]
[WhiteElo "2501"]
[BlackElo "2568"]

1.e4 c5 2.Nf3 d6 3.d4 cxd4 4.Nxd4 Nf6 5.Nc3 Nc6 6.Bg5 e6 7.Qd2 a6 8.O-O-O Bd7
9.f3 Be7 10.Be3 h5 11.Kb1 Qc7 12.Nxc6 bxc6 13.Bg5 a5 14.a4 Rb8 15.Bc4 e5
16.f4 Be6 17.Bxe6 fxe6 18.fxe5 dxe5 19.Qe2 Rb4 20.Rd3 O-O 21.b3 Ng4 22.Bxe7 Qxe7
23.Rf3 Nf6 24.Rd1 Rfb8 25.Qa6 Qc5 26.Qe2 Qe7 27.Kb2 c5 28.Qa6 c4 29.Nb5 cxb3
30.cxb3 Nxe4 31.Qxa5 Nc5 32.Ka2 R4xb5 33.axb5 Qe8 34.Qc7 Ra8+ 35.Kb2 e4 36.Rg3 Qf8
37.Qd6 Qf2+ 38.Qd2 Qf7 39.b6 Nd3+ 40.Rxd3 exd3 41.Qxd3 Qf2+ 42.Rd2 Qxb6 43.Qc4 Kh8
44.Re2 Qa7 45.Qa4 Qxa4  1/2-1/2

[Event "XXI Carlos Torre KO"]
[Site "Merida MEX"]
[Date "2008.12.17"]
[Round "1.2"]
[White "Sadvakasov,D"]
[Black "Borges Mateos,J"]
[Result "1-0"]
[WhiteElo "2643"]
[BlackElo "2459"]

1.e4 c5 2.Nf3 d6 3.d4 cxd4 4.Nxd4 Nf6 5.Nc3 Nc6 6.Bg5 e6 7.Qd2 a6 8.O-O-O Bd7
9.f4 h6 10.Bh4 Nxe4 11.Qe1 Nf6 12.Nf5 Qa5 13.Nxd6+ Bxd6 14.Rxd6 O-O-O 15.Be2 Ne7
16.Bf3 Nf5 17.Bxf6 gxf6 18.Rd1 Qc7 19.g3 Bc6 20.Qf2 Rxd1+ 21.Rxd1 Rd8 22.Rxd8+ Kxd8
23.Bg4 Qa5 24.Bxf5 Qxf5 25.b4 Kc7 26.a4 b6 27.Qd4 Bb7 28.Nd1 h5 29.Ne3 Qe4
30.Qc3+ Kb8 31.Nc4 Qc6 32.Qd4 Kc7 33.Kb2 Bc8 34.a5 bxa5 35.Nxa5 Qb5 36.Ka3 Bd7
37.Nb3 Bc6 38.Qa7+ Qb7 39.Qc5 Qb5 40.Qe7+ Kb8 41.Na5 Be8 42.Nb3 f5 43.Nc5 a5
44.Qd8+ Ka7 45.Qc7+ Ka8 46.bxa5 Bc6 47.Qb6 Be8 48.c4 Qc6 49.Kb4  1-0

[Event "TCh-ISR 2008-9"]
[Site "Israel ISR"]
[Date "2008.12.19"]
[Round "3"]
[White "Sidorenko,I"]
[Black "Gershon,A"]
[Result "1-0"]
[WhiteElo "2370"]
[BlackElo "2507"]

1.e4 c5 2.Nf3 d6 3.d4 cxd4 4.Nxd4 Nf6 5.Nc3 Nc6 6.Bg5 Qb6 7.Nb3 e6 8.Bxf6 gxf6
9.Qh5 Bd7 10.Be2 Nb4 11.O-O Nxc2 12.Rac1 Nb4 13.Nb5 Rc8 14.Rxc8+ Bxc8 15.Na5 a6
16.Rc1 Nc6 17.Nc4 Qd8 18.Nc3 h6 19.Rd1 Rg8 20.Qh3 Ne5 21.Ne3 Qb6 22.Ncd5 Qd8
23.Nc3 Qb6 24.Ncd5 Qd8 25.Nf4 Bd7 26.Nh5 Be7 27.f4 Nc6 28.Nc4 d5 29.exd5 exd5
30.Qe3 Be6 31.f5 d4 32.Qxh6 Bd5 33.Nf4 b5 34.Ne3 Be4 35.Qh7 Rg5 36.Bh5 Rxh5
37.Nxh5 Qd6 38.Ng4 Bc2 39.Qh8+ Kd7 40.Nhxf6+  1-0

[Event "8th Amplico AIG Life Rapid"]
[Site "Warsaw POL"]
[Date "2008.12.20"]
[Round "6"]
[White "Wieczorek,O"]
[Black "Zinchenko,Ya"]
[Result "0-1"]
[WhiteElo "2267"]
[BlackElo "2536"]

1.e4 c5 2.Nf3 Nc6 3.d4 cxd4 4.Nxd4 Nf6 5.Nc3 d6 6.Bg5 Qb6 7.Ndb5 a6 8.Bxf6 gxf6
9.Nd5 Qa5+ 10.b4 Nxb4 11.Nbc7+ Kd8 12.Nxa8 Nxd5+ 13.Qd2 Nc3 14.Bd3 Rg8 15.Nb6 Qxb6
16.Qxc3 Rxg2 17.Qd2 Bg4 18.Rf1 Rxh2 19.c3 Bh6 20.Qc2 Be3 21.Rb1 Qc5 22.Be2 Bxf2+
23.Kd1 Bd4 24.cxd4 Bxe2+ 25.Qxe2 Qxd4+ 26.Ke1 Rxe2+ 27.Kxe2 Qxe4+ 28.Kd2 b5
29.Rfe1 Qd5+ 30.Kc3 Qxa2  0-1

[Event "TCh-HUN 2008-9"]
[Site "Budapest HUN"]
[Date "2008.12.21"]
[Round "4"]
[White "Feher,Ad"]
[Black "Gara,T"]
[Result "0-1"]
[WhiteElo "2229"]
[BlackElo "2312"]

1.e4 c5 2.Nf3 d6 3.d4 cxd4 4.Nxd4 Nf6 5.Nc3 Nc6 6.Bg5 e6 7.Qd2 a6 8.O-O-O Bd7
9.f4 h6 10.Bh4 g5 11.fxg5 Ng4 12.Be2 Nge5 13.Nxc6 Bxc6 14.g3 Ng6 15.Kb1 Qa5
16.Rhf1 hxg5 17.Bxg5 Rxh2 18.Bf6 Qc7 19.Rh1 Rxh1 20.Rxh1 Be7 21.Bd4 O-O-O
22.Rh7 Rf8 23.Bh5 Be8 24.Bg7 Rg8 25.Bxg6 fxg6 26.Bf6 Bxf6 27.Rxc7+ Kxc7 28.a3 Rh8
29.Qf4 Be5 30.Qg4 Bxc3 31.bxc3 Kd7 32.Qf3 e5 33.c4 Ke7 34.c5 dxc5 35.Qc3 Kd6
36.Qd3+ Kc7 37.Qd5 Rh5 38.Qxc5+ Bc6 39.a4 Kd7 40.Qc4 Ke7 41.Kb2 Rg5 42.Qc5+ Ke6
43.Qc4+ Ke7 44.Qb4+ Ke6 45.Qb3+ Ke7 46.Qf3 Rh5 47.Kb3 Rh8 48.Qg4 Kf6 49.a5 Rh7
50.Kb4 Rd7 51.c3 Rc7 52.Qh4+ Ke6 53.Qd8 Rd7 54.Qe8+ Kf6 55.Qh8+ Ke6 56.Qh4 Rc7
57.Qg4+ Kf6 58.Qf3+ Ke6 59.Qe3 Rd7 60.g4 Rf7 61.Kc5 Rf4 62.g5 Bxe4 63.Qh3+ Rf5
64.Qg4 Bc6 65.Qc4+ Ke7 66.Kb6 e4 67.Kc7 Rxg5 68.Qd4 Ke6 69.Qd8 Re5 70.Qf8 e3
71.Qg8+ Kf6 72.Qh8+ Kf5 73.Qh3+ Ke4 74.Qg4+ Kd5 75.Qd4+ Ke6 76.Qg4+ Ke7 77.Qf4 Re6
78.Qg5+ Kf7 79.Qf4+ Ke8 80.Qg4 Ke7 81.Qh4+ Kf7 82.Qh7+ Kf6 83.Qh8+ Kg5 84.Qh3 Re4
85.Qg3+ Kf5 86.Qf3+ Ke6 87.Qh3+ Kd5 88.Qg2 e2 89.Qg5+ Kc4  0-1

[Event "Open A"]
[Site "Groningen NED"]
[Date "2008.12.22"]
[Round "2"]
[White "Admiraal,M"]
[Black "Holm,S"]
[Result "1-0"]
[WhiteElo "1953"]
[BlackElo "2228"]

1.e4 c5 2.Nf3 Nc6 3.d4 cxd4 4.Nxd4 Nf6 5.Nc3 d6 6.Bg5 h6 7.Bxf6 gxf6 8.Bc4 Qb6
9.Ndb5 a6 10.Nd5 Qa5+ 11.b4 Nxb4 12.Nbc7+ Kd8 13.Nxa8 Nxc2+ 14.Kf1 Nxa1 15.Qxa1 Bg7
16.Be2 e6 17.Ndb6 Bd7 18.h4 Ke7 19.Rh3 Rxa8 20.Nxa8 Qd8 21.Rg3 Bf8 22.Rf3 e5
23.Rc3 Qxa8 24.Qc1 Bc6 25.Qe3 Qd8 26.Bxa6 Qa5 27.Ra3 Qc7 28.Bc4 f5 29.f3 fxe4
30.fxe4 Bg7 31.Qf3 Bf6 32.Rc3 Qb6 33.Qe3 Qd4 34.Qxd4 exd4 35.Rc1 Bxh4 36.Bd5 Bg5
37.Rb1 Kd7 38.Ke2 Bf6 39.Kd3 h5 40.Bxf7 h4 41.Bd5 Kc7 42.Rc1 Kb6 43.Bxc6 bxc6
44.Kc4 Ka5 45.Rf1 Be5 46.Rf7 c5 47.Rh7 Bg3 48.Rb7 Ka6 49.Rb3 Bf4 50.Kd5 Ka5
51.Rf3 Bg3 52.Kc4 Be5 53.Rf7 Kb6 54.Rh7 Bg3 55.Rh6 Ka5 56.Rh8 Kb6 57.Rh7 Ka6
58.Rh6 Kb6 59.e5 Bxe5 60.Rxh4 Kc6 61.Rh6 d3 62.Kxd3 Kb5 63.g4 d5 64.Rh5 c4+
65.Kc2  1-0

[Event "Open A"]
[Site "Groningen NED"]
[Date "2008.12.24"]
[Round "4"]
[White "Van Assendelft,F"]
[Black "Brandenburg,D"]
[Result "1/2-1/2"]
[WhiteElo "2253"]
[BlackElo "2436"]

1.e4 c5 2.Nf3 d6 3.d4 cxd4 4.Nxd4 Nf6 5.Nc3 Nc6 6.Bg5 e6 7.Qd2 a6 8.O-O-O Bd7
9.f3 Be7 10.Be3 b5 11.g4 h6 12.Nxc6 Bxc6 13.Ne2 Rc8 14.Nd4 Bb7 15.Bd3 Nd7
16.Kb1 d5 17.exd5 Bxd5 18.Rhe1 Ne5 19.Qe2 Nxd3 20.Qxd3 O-O  1/2-1/2

[Event "Open A"]
[Site "Groningen NED"]
[Date "2008.12.24"]
[Round "4"]
[White "Venkatesh,M"]
[Black "Schiffer,KU"]
[Result "1-0"]
[WhiteElo "2468"]
[BlackElo "2334"]

1.e4 c5 2.Nf3 d6 3.d4 cxd4 4.Nxd4 Nf6 5.Nc3 Nc6 6.Bg5 e6 7.Qd2 Be7 8.O-O-O Nxd4
9.Qxd4 a6 10.f4 b5 11.Bxf6 gxf6 12.Be2 Qc7 13.Bf3 Bb7 14.f5 Qc5 15.Qxc5 dxc5
16.fxe6 fxe6 17.Bh5+ Kf8 18.Rd7 Bc8 19.Rc7 Rg8 20.g4 Rg5 21.h4 Re5 22.g5 f5
23.g6 hxg6 24.Bxg6 b4 25.Na4 Rb8 26.Rg1 Rxe4 27.Nb6 Bd8 28.Rf7+ Kg8 29.Rd7 Bxd7
30.Nxd7 Rb7 31.Nxc5 Rg7 32.Nxe4 fxe4 33.h5 Bb6 34.Rg4 Be3+ 35.Kd1 e5 36.Rxe4 Bd4
37.Rg4 a5 38.h6 Re7 39.c3 bxc3 40.bxc3 Bc5 41.Bf5+ Kh8 42.h7 Rg7 43.Rxg7 Kxg7
44.Ke2 Be7 45.c4  1-0

[Event "Open A"]
[Site "Groningen NED"]
[Date "2008.12.26"]
[Round "5"]
[White "Mostertman,M"]
[Black "Van Kampen,R"]
[Result "1/2-1/2"]
[WhiteElo "2044"]
[BlackElo "2307"]

1.e4 c5 2.Nf3 d6 3.d4 cxd4 4.Nxd4 Nf6 5.Nc3 Nc6 6.Bg5 e6 7.Qd2 a6 8.O-O-O Bd7
9.f4 b5 10.Bxf6 gxf6 11.Kb1 b4 12.Nce2 Qb6 13.f5 Nxd4 14.Nxd4 e5 15.Ne2 h5
16.h4 Rg8 17.Rh3 Bc6 18.Ng3 Rd8 19.Bc4 Ke7 20.b3 a5 21.Nxh5 Bxe4 22.Rg3 Rxg3
23.Nxg3 Bc6 24.Bd5 Bxd5 25.Qxd5 Qf2 26.Ne4 Qxg2 27.Qc4 Qf3 28.Rxd6 Rxd6  1/2-1/2

[Event "1st Asian Clubs"]
[Site "Al Ain UAE"]
[Date "2008.12.28"]
[Round "4"]
[White "Mehdi,S"]
[Black "Hussein,HA"]
[Result "0-1"]
[WhiteElo "2153"]
[BlackElo "2354"]

1.e4 c5 2.Nf3 d6 3.d4 cxd4 4.Nxd4 Nf6 5.Nc3 Nc6 6.Bg5 e6 7.Qd2 a6 8.O-O-O Bd7
9.f4 b5 10.a3 Be7 11.Be2 Rc8 12.g4 b4 13.axb4 Nxb4 14.Kb1 O-O 15.Bxf6 Bxf6
16.g5 Be7 17.h4 f5 18.exf5 exf5 19.Bf3 Qb6 20.h5 Rb8 21.h6 g6 22.Nd5 Nxd5
23.Bxd5+ Kh8 24.Nb5 Qc5 25.c4 axb5 26.Rhe1 Bd8 27.Qc3+ Bf6 28.gxf6 b4 29.Qg3 Bc6
30.Bxc6 Qxc6 31.Qe3 Qxc4 32.Rd4 Qf7 33.Rxd6 Ra8 34.Qe6 Qa7 35.Rc6  0-1

[Event "Open A"]
[Site "Groningen NED"]
[Date "2008.12.28"]
[Round "7"]
[White "Otte,Mari"]
[Black "Van Kampen,R"]
[Result "1-0"]
[WhiteElo "2351"]
[BlackElo "2307"]

1.e4 c5 2.Nf3 d6 3.d4 cxd4 4.Nxd4 Nf6 5.Nc3 Nc6 6.Bg5 e6 7.Qd2 a6 8.O-O-O Bd7
9.f3 h6 10.Be3 b5 11.Nxc6 Bxc6 12.Kb1 Qc7 13.Ne2 Bb7 14.Nd4 e5 15.Nb3 d5
16.Na5 dxe4 17.Nxb7 Qxb7 18.fxe4 Qxe4 19.Bd3 Qb7 20.g4 Be7 21.g5 hxg5 22.Bxg5 Rd8
23.Rhe1 Qc7 24.h4 e4 25.Bxf6 Bxf6 26.Rxe4+ Kf8 27.Rde1 g6 28.Rf1 Kg7 29.a3 Rd6
30.Qg2 Qc5 31.Qg3 Rh5 32.c3 Rhd5 33.Bc2 Re5 34.Rg4 Kf8 35.Rgf4 Rde6 36.Bb3 Kg7
37.Bxe6 Rxe6 38.Qf3 Qe5 39.h5 gxh5 40.Rf5 Qd6 41.Rxh5 Qd2 42.Rg1+ Kf8 43.Qa8+ Ke7
44.Rd5 Re1+ 45.Ka2 Qxd5+ 46.Qxd5 Rxg1 47.Qc5+  1-0

[Event "Open A"]
[Site "Groningen NED"]
[Date "2008.12.30"]
[Round "9"]
[White "Klein,Da"]
[Black "Van Kampen,R"]
[Result "1/2-1/2"]
[WhiteElo "2184"]
[BlackElo "2307"]

1.e4 c5 2.Nf3 d6 3.d4 cxd4 4.Nxd4 Nf6 5.Nc3 Nc6 6.Bg5 e6 7.Qd2 a6 8.O-O-O Bd7
9.f3 h6 10.Be3 b5 11.Nxc6 Bxc6 12.Ne2 Qc7 13.Nd4 Bb7 14.Bd3 Nd7 15.Kb1 d5
16.exd5 Bxd5 17.Rhe1 Nc5 18.Bf4 Qb6  1/2-1/2

[Event "38th Rilton Cup 2008-9"]
[Site "Stockholm SWE"]
[Date "2008.12.30"]
[Round "4"]
[White "Smith,Ax"]
[Black "Hirneise,T"]
[Result "0-1"]
[WhiteElo "2391"]
[BlackElo "2440"]

1.e4 c5 2.Nf3 Nc6 3.d4 cxd4 4.Nxd4 Nf6 5.Nc3 d6 6.Bg5 e6 7.Qd2 a6 8.O-O-O Bd7
9.f3 h6 10.Be3 b5 11.Nxc6 Bxc6 12.Kb1 Qc7 13.g4 b4 14.Ne2 d5 15.exd5 Bxd5
16.Bg2 Nxg4 17.Nf4 Nxe3 18.Qxe3 Bb7 19.Nxe6 fxe6 20.Qxe6+ Be7 21.Rhe1 Rd8
22.Bh3 Rxd1+ 23.Rxd1 Qc6 24.Qe5 Kf7 25.Rd7 Re8 26.b3 Bc8 27.Rc7 Qxc7 28.Qxc7 Bxh3
29.Qc4+ Be6 30.Qxa6 Rd8 31.Qe2 Bf5 32.a3 Rc8 33.axb4 Rxc2 34.Qxc2 Bxc2+ 35.Kxc2 Bxb4
36.Kd3 Kf6 37.Ke4 Kg5 38.Ke5 Bc3+ 39.Ke4 Kh4 40.Kf5 Kh3  0-1

[Event "38th Rilton Cup 2008-9"]
[Site "Stockholm SWE"]
[Date "2009.01.03"]
[Round "7"]
[White "Mardell,Ji"]
[Black "Furman,Bo"]
[Result "1/2-1/2"]
[WhiteElo "2184"]
[BlackElo "2251"]

1.e4 c5 2.Nf3 Nc6 3.d4 cxd4 4.Nxd4 Nf6 5.Nc3 d6 6.Bg5 e6 7.Qd2 Be7 8.O-O-O O-O
9.f4 h6 10.Bh4 e5 11.Nf5 Bxf5 12.exf5 Qa5 13.Kb1 Rad8 14.Bxf6 Bxf6 15.Nd5 Qxd2
16.Nxf6+ gxf6 17.Rxd2 Rfe8 18.Bc4 exf4 19.c3 Re5 20.Rhd1 Na5 21.Bd5 Rc8 22.Rd4 Rxf5
23.Bf3 Rb5 24.Kc1 Nc4 25.Be2 Rbc5 26.Bxc4 Rxc4 27.Rxc4 Rxc4 28.Rxd6 Rc5 29.Rd2 Rh5
30.h3 f3 31.Rf2 fxg2 32.Rxg2+ Kf8 33.Rg3 Ke7 34.Kd2 Ke6 35.c4 Ke5 36.b4 f5
37.c5 Rh4 38.Re3+ Re4 39.Kd3 Kd5 40.Rf3 f4 41.a3 f5 42.h4 a5 43.bxa5 Ra4
44.Ke2 Kxc5 45.Rb3 Kc4 46.Rxb7 Rxa3 47.Rf7 Kd4 48.Re7 Rxa5 49.Kf3 Re5 50.Rd7+ Rd5
51.Re7  1/2-1/2

[Event "TCh-HUN 2008-9"]
[Site "Mako HUN"]
[Date "2009.01.11"]
[Round "5"]
[White "Csirik,A"]
[Black "Kiss,At"]
[Result "0-1"]
[WhiteElo "2324"]
[BlackElo "2369"]

1.e4 c5 2.Nf3 Nc6 3.d4 cxd4 4.Nxd4 Nf6 5.Nc3 d6 6.Bg5 e6 7.Qd2 a6 8.O-O-O Bd7
9.f4 h6 10.Bh4 g5 11.fxg5 Ng4 12.Nf3 hxg5 13.Bg3 Nge5 14.Kb1 Be7 15.Be2 b5
16.a3 Nxf3 17.gxf3 Ne5 18.h4 gxh4 19.f4 Nc4 20.Bxc4 bxc4 21.f5 Qb6 22.Bxd6 Bxd6
23.Qxd6 Qxd6 24.Rxd6 exf5 25.Nd5 Be6 26.exf5 Bxd5 27.Rxd5 Ke7 28.Rd4 h3 29.Rxc4 Rag8
30.Rf4 h2 31.Rff1 Rg2 32.b4 Kf6 33.Kb2 Rh5 34.Kb3 Rxf5 35.Rc1 Rff2 36.c4 Rf3+
37.Rc3 Rxc3+ 38.Kxc3 Ke5 39.Kd3 Rg3+ 40.Ke2 Rxa3 41.Kf2 Rb3 42.Rxh2 Rxb4
43.Rh7 Rb7 44.Ke3 a5 45.Rh8 Ra7 46.Re8+ Kd6 47.Kd3 a4 48.Kc2 a3 49.Kb1 Rc7
50.Re4 f5 51.Rh4 Ke5 52.Ka2 f4 53.Rh5+ Kd4 54.Rf5 Ke4 55.Rf8 Rxc4 56.Kxa3 f3
57.Kb3 Rc7 58.Kb2 Ke3 59.Re8+ Kd2 60.Rd8+ Ke2 61.Re8+ Kf1 62.Rf8 f2 63.Kb1 Re7  0-1

[Event "7th Parsvnath Open"]
[Site "New Delhi IND"]
[Date "2009.01.11"]
[Round "2"]
[White "Singh,Ar"]
[Black "Vidit,S"]
[Result "0-1"]
[WhiteElo "2155"]
[BlackElo "2447"]

1.e4 c5 2.Nf3 d6 3.d4 cxd4 4.Nxd4 Nf6 5.Nc3 Nc6 6.Bg5 e6 7.Qd2 Be7 8.O-O-O Nxd4
9.Qxd4 a6 10.f4 b5 11.Bxf6 gxf6 12.e5 d5 13.Kb1 Rg8 14.g3 f5 15.Be2 b4 16.Na4 Qa5
17.b3 Bd8 18.Qc5 Qxc5 19.Nxc5 a5 20.Na4 Bd7 21.Rhg1 Bxa4 22.bxa4 Bb6 23.Rg2 Be3
24.Bf3 Rc8 25.Rd3 d4 26.Re2 Ke7 27.a3 Rc4 28.Kb2 Rgc8 29.Rb3 bxa3+ 30.Rxa3 R8c7
31.Bg2 Rb4+ 32.Ka1 Bc1 33.Ra2 Rc8 34.c3 dxc3 35.Rec2 Bd2 36.Ra3 Rcb8 37.Bc6 Rb1+
38.Ka2 R8b2+ 39.Rxb2 Rxb2+ 40.Ka1 c2  0-1

[Event "Open A"]
[Site "Prague CZE"]
[Date "2009.01.11"]
[Round "3"]
[White "Pesola,J"]
[Black "Paseka,C"]
[Result "1/2-1/2"]
[WhiteElo "1979"]
[BlackElo "1817"]

1.e4 c5 2.Nf3 d6 3.d4 cxd4 4.Nxd4 Nf6 5.Nc3 Nc6 6.Bg5 e6 7.Qd2 Be7 8.O-O-O Nxd4
9.Qxd4 a6 10.f4 O-O 11.Be2 b5 12.Bf3 Bb7 13.Qe3 Qc7 14.e5 Bxf3 15.exd6 Bxd6
16.Qxf3 Rac8 17.Rd2 Bb4 18.Bxf6 gxf6 19.Rd3 Bd6 20.Rxd6 Qxd6 21.Ne4 Qc6 22.Nxf6+ Kg7
23.Qg3+ Kh8 24.Qd3 Kg7 25.Qxh7+ Kxf6 26.Qh4+ Kg7 27.Qg5+  1/2-1/2

[Event "6th ch-Mediterranean"]
[Site "Antalya TUR"]
[Date "2009.01.12"]
[Round "3"]
[White "Makropoulou,M"]
[Black "Berke,A"]
[Result "0-1"]
[WhiteElo "2262"]
[BlackElo "2081"]

1.e4 c5 2.Nf3 d6 3.d4 cxd4 4.Nxd4 Nf6 5.Nc3 Nc6 6.Bg5 Bd7 7.Qd2 Rc8 8.Be2 Nxd4
9.Qxd4 Qa5 10.Bd2 a6 11.O-O Qc5 12.Qxc5 Rxc5 13.Be3 Rc8 14.a4 g6 15.f3 Bg7
16.Rfd1 O-O 17.a5 Be6 18.Bd4 Nd7 19.f4 Bxd4+ 20.Rxd4 Rc5 21.Rb4 Rc7 22.f5 gxf5
23.exf5 Bxf5 24.Nd5 Rxc2 25.Nxe7+ Kh8 26.Nxf5 Rxe2 27.Nxd6 Ne5 28.Re4 Rxe4
29.Nxe4 Rc8 30.Rd1 Rc2 31.Rd2 Rxd2 32.Nxd2 Kg7 33.Kf1 f5 34.Ke2 Kf6 35.Ke3 Ke6
36.Kd4 Nc6+ 37.Kc5 Nxa5 38.Kb6 Nc6 39.Kxb7 Nb4 40.Kb6 Kd5 41.Ka5 Nd3 42.b3 Nc5
43.Kb6 h5 44.h3 f4 45.b4 Nd3 46.Ka5 Kd4 47.Nb3+ Kc4 48.Nd2+ Kc3 49.Ne4+ Kd4
50.Nf6 h4 51.Nd7 Kc3 52.Nc5 Nxb4 53.Na4+ Kb3 54.Nc5+ Kc4 55.Ne4 Nd3 56.Nd6+ Kd5
57.Nf5 Ne1 58.Nxh4 Ke6 59.Kxa6 Kf6 60.Kb5 Kg5 61.Nf3+ Nxf3 62.gxf3 Kh4 63.Kc4 Kxh3
64.Kd3 Kg2 65.Ke2 Kg3 66.Ke1 Kxf3 67.Kf1 Ke3 68.Ke1 f3  0-1

[Event "ch-BLR"]
[Site "Minsk BLR"]
[Date "2009.01.16"]
[Round "4"]
[White "Zhigalko,A"]
[Black "Romanenko,Vl"]
[Result "1/2-1/2"]
[WhiteElo "2572"]
[BlackElo "2478"]

1.e4 c5 2.Nf3 Nc6 3.d4 cxd4 4.Nxd4 Nf6 5.Nc3 d6 6.Bg5 e6 7.Qd2 a6 8.O-O-O Be7
9.f4 Nxd4 10.Qxd4 b5 11.Bxf6 gxf6 12.f5 Rb8 13.fxe6 fxe6 14.Kb1 Qb6 15.Qd3 Qc5
16.Ne2 O-O 17.Nd4 Bd7 18.Qb3 Qe5 19.Be2 Bd8 20.Rhf1 Kh8 21.Bg4 Re8 22.Qh3 Rb7
23.Nf3 Qc5 24.e5 Rc7 25.exd6 Qxc2+ 26.Ka1 Rc4 27.Nd4 Rxd4 28.Rxd4 f5 29.Qe3 Bf6
30.Bf3 Bxd4 31.Qxd4+ e5 32.Qh4 Qc4 33.Qf6+ Kg8 34.Rd1 Be6 35.Qg5+ Kh8 36.Qf6+ Kg8
37.b3 Qc3+ 38.Kb1 Bxb3 39.Qg5+ Kh8 40.Qf6+ Kg8 41.Qg5+ Kh8 42.Qxf5 Rc8 43.Qf6+ Kg8
44.Qg5+ Kh8  1/2-1/2

[Event "GM"]
[Site "Marianske Lazne CZE"]
[Date "2009.01.18"]
[Round "2"]
[White "Krejci,Jan2"]
[Black "Dobrowolski,P"]
[Result "1/2-1/2"]
[WhiteElo "2426"]
[BlackElo "2421"]

1.e4 c5 2.Nf3 d6 3.d4 cxd4 4.Nxd4 Nf6 5.Nc3 Nc6 6.Bg5 e6 7.Qd2 a6 8.O-O-O Bd7
9.f3 Be7 10.Kb1 Rc8 11.h4 h6 12.Nxc6 Bxc6 13.Bf4 d5 14.Be5 Nd7 15.Bg3 h5
16.f4 g6 17.Bf2 Bb4 18.Bd4 Bxc3 19.Bxc3 Nc5 20.Qe3 Bb5 21.Bxb5+ axb5 22.Bb4 Qc7
23.Qe2 Qb6 24.Rh3 Na6 25.Bd6 f5 26.Rb3 Rc4 27.Qf3 Kf7 28.Qg3 b4 29.a3 Rhc8
30.axb4 Qd8 31.c3 Nc7 32.b5 Ne8 33.Ba3 Rxe4 34.Rd4 Rxd4 35.cxd4 Rc4 36.Rb4 Rxb4
37.Bxb4 b6 38.Qa3 Qc7 39.Qa6 Qc4 40.Qb7+ Qc7 41.Qa6 Qc4 42.Qb7+ Qc7 43.Qa8 Qc4
44.Ba3 Qf1+ 45.Ka2 Qc4+ 46.Ka1 Qf1+ 47.Ka2 Qc4+ 48.Ka1 Qf1+  1/2-1/2

[Event "Open"]
[Site "Marianske Lazne CZE"]
[Date "2009.01.21"]
[Round "5"]
[White "Sadzikowski,D"]
[Black "Bielczyk,J"]
[Result "1/2-1/2"]
[WhiteElo "2195"]
[BlackElo "2317"]

1.e4 c5 2.Nf3 Nc6 3.d4 cxd4 4.Nxd4 Nf6 5.Nc3 d6 6.Bg5 e6 7.Qd2 Be7 8.O-O-O Qb6
9.Ndb5 O-O 10.f3 Rd8 11.Na4 Qa5 12.Qxa5 Nxa5 13.c4 Bd7 14.Nac3 Bxb5 15.cxb5 Rac8
16.Kb1 Nc4 17.Bxc4 Rxc4 18.Rd3 Kf8 19.Rhd1 Ne8 20.Be3 b6 21.b3 Rc7 22.Ne2 Bf6
23.Bc1 g5 24.Ba3 Kg7 25.Bxd6 Nxd6 26.Rxd6 Rxd6 27.Rxd6 Be5 28.Rd1 f5 29.exf5 exf5
30.h3 Re7 31.Kc2 h5 32.Rd5 Kf6 33.a4 Rc7+ 34.Kd2 h4 35.Nd4 Bxd4 36.Rxd4 Ke5
37.Rd8 Rg7 38.Ke3 g4 39.fxg4 fxg4 40.hxg4 Rxg4 41.Kf2 Rg3 42.Rd7 Rxb3 43.Rxa7 h3
44.gxh3 Rxh3 45.Ke2 Kd5 46.Kd2 Kc5 47.Kc2 Kb4  1/2-1/2

[Event "GM"]
[Site "Marianske Lazne CZE"]
[Date "2009.01.21"]
[Round "6"]
[White "Simacek,P"]
[Black "Dobrowolski,P"]
[Result "1-0"]
[WhiteElo "2493"]
[BlackElo "2421"]

1.e4 c5 2.Nf3 d6 3.d4 cxd4 4.Nxd4 Nf6 5.Nc3 Nc6 6.Bg5 Qb6 7.Nb3 e6 8.Qd2 Be7
9.Bxf6 Bxf6 10.Qxd6 Bxc3+ 11.bxc3 Qd8 12.Qxd8+ Kxd8 13.h4 Ke7 14.Rh3 Rd8
15.Rd3 Bd7 16.f4 Be8 17.e5 b6 18.O-O-O f6 19.exf6+ gxf6 20.Nd4 Rac8 21.Re3 Nxd4
22.cxd4 Bg6 23.c3 Bf5 24.Kd2 Kd6 25.Rde1 Rg8 26.g3 Rg7 27.Bd3 Bxd3 28.Kxd3 Kd5
29.f5 Rgc7 30.Kd2 exf5 31.Rf1 Kc4 32.Rxf5 b5 33.Re4 a5 34.Kc2 Rg7 35.g4 b4
36.Rxa5 f5 37.Ree5  1-0

[Event "Open"]
[Site "Marianske Lazne CZE"]
[Date "2009.01.23"]
[Round "7"]
[White "Iwanow,A"]
[Black "Chrzaszcz,M"]
[Result "1-0"]
[WhiteElo "1948"]
[BlackElo "2042"]

1.e4 c5 2.Nf3 Nc6 3.d4 cxd4 4.Nxd4 Nf6 5.Nc3 d6 6.Bg5 e6 7.Qd2 Be7 8.f3 a6
9.O-O-O Qb6 10.Be3 Qc7 11.g4 b5 12.Nxc6 Qxc6 13.Kb1 O-O 14.h4 b4 15.Ne2 a5
16.Nd4 Qb7 17.h5 e5 18.Nf5 Bxf5 19.gxf5 Rfc8 20.h6 a4 21.hxg7 b3 22.Bd3 d5
23.Qh2 bxa2+ 24.Kxa2 d4 25.Bg5 Rcb8 26.Rb1 Qb3+ 27.Ka1 h5 28.Qxe5 Bb4 29.Qxb8+  1-0

[Event "GM"]
[Site "Marianske Lazne CZE"]
[Date "2009.01.23"]
[Round "8"]
[White "Hedman,E"]
[Black "Dobrowolski,P"]
[Result "1-0"]
[WhiteElo "2367"]
[BlackElo "2421"]

1.e4 c5 2.Nf3 Nc6 3.d4 cxd4 4.Nxd4 Nf6 5.Nc3 d6 6.Bg5 Bd7 7.Bxf6 gxf6 8.Nf5 Bc8
9.Qg4 e6 10.Ng7+ Ke7 11.Nh5 Bh6 12.Qf3 Bg5 13.h4 Ne5 14.Qd1 Bh6 15.f4 Nc6
16.g4 Rg8 17.Qe2 Bg7 18.O-O-O Bh8 19.Rh3 Qa5 20.Qd2 Rd8 21.Rd3 Nb4 22.Rxd6 Nxa2+
23.Nxa2 Qxa2 24.Rxe6+ Bxe6 25.Qb4+ Ke8 26.Bb5+ Bd7 27.Bxd7+ Rxd7 28.Rxd7 Kxd7
29.Qxb7+ Kd6 30.Qxa8 Qa1+ 31.Kd2 Qxb2 32.Qd5+ Ke7 33.Qc5+ Ke8 34.Qc8+ Ke7
35.Ng3 Qb4+ 36.Ke2 Qb5+ 37.Kf3  1-0

[Event "GM"]
[Site "Marianske Lazne CZE"]
[Date "2009.01.23"]
[Round "9"]
[White "Biolek,R1"]
[Black "Heberla,B"]
[Result "0-1"]
[WhiteElo "2406"]
[BlackElo "2500"]

1.e4 c5 2.Nf3 Nc6 3.d4 cxd4 4.Nxd4 Nf6 5.Nc3 d6 6.Bg5 e6 7.Qd2 a6 8.O-O-O Bd7
9.f3 Be7 10.h4 h6 11.Be3 h5 12.Qf2 Ne5 13.g4 hxg4 14.f4 Ng6 15.Be2 Rc8 16.h5 Rxh5
17.Rxh5 Nxh5 18.Bxg4 Nhxf4 19.Bxf4 Nxf4 20.Rh1 Ng6 21.Rh7 Bf8 22.Kb1 Qf6
23.Qg1 Ne5 24.Be2 g6 25.a3 Bg7 26.Nf5 gxf5 27.Rxg7 f4 28.Rg2 Ke7 29.Rf2 Rh8
30.Qf1 Rh4 31.a4 Bc6 32.a5 f3 33.Bd3 Qh6 34.Qe1 Nxd3 35.cxd3 Rh1 36.Rf1 Rxf1
37.Qxf1 Qe3 38.Kc2 b5  0-1

[Event "IMA"]
[Site "Marianske Lazne CZE"]
[Date "2009.01.24"]
[Round "10"]
[White "Wieczorek,O"]
[Black "Baum,B"]
[Result "1/2-1/2"]
[WhiteElo "2265"]
[BlackElo "2222"]

1.e4 c5 2.Nf3 Nc6 3.d4 cxd4 4.Nxd4 Nf6 5.Nc3 d6 6.Bg5 e6 7.Qd2 a6 8.O-O-O Bd7
9.f4 h6 10.Bh4 Nxe4 11.Qe1 Nf6 12.Nf5 Qa5 13.Nxd6+ Bxd6 14.Rxd6 Qc7 15.Qd2 O-O-O
16.Be2 Ne7 17.Bxf6  1/2-1/2